Die konfluente hypergeometrische funktion / (Registro nro. 37335)
[ vista simple ]
| 000 -LEADER | |
|---|---|
| campo de control de longitud fija | 00613nam a2200193 i 4500 |
| 001 - NÚMERO DE CONTROL | |
| campo de control | 37335 |
| 003 - IDENTIFICADOR DE NÚMERO DE CONTROL | |
| campo de control | ES-MaACL |
| 005 - FECHA Y HORA DE LA ÚLTIMA TRANSACCIÓN | |
| campo de control | 20230906155542.0 |
| 007 - CAMPO FIJO DE DESCRIPCIÓN FÍSICA--INFORMACIÓN GENERAL | |
| campo de control de longitud fija | t| |
| 008 - DATOS DE LONGITUD FIJA--INFORMACIÓN GENERAL | |
| campo de control de longitud fija | 030220s1953 gw ||||1| ger d |
| 100 1# - ENTRADA PRINCIPAL--NOMBRE DE PERSONA | |
| Nombre de persona | Buchholz, Herbert. |
| 9 (RLIN) | 32304 |
| 245 14 - MENCIÓN DEL TÍTULO | |
| Título | Die konfluente hypergeometrische funktion / |
| Mención de responsabilidad, etc. | von Herbert Buchholz. |
| 260 ## - PUBLICACIÓN, DISTRIBUCIÓN, ETC. | |
| Lugar de publicación, distribución, etc. | Berlin : |
| Nombre del editor, distribuidor, etc. | Springev, |
| Fecha de publicación, distribución, etc. | 1953 ( |
| Fabricante | Paul Dünnhaupt) |
| 300 ## - DESCRIPCIÓN FÍSICA | |
| Extensión | XVI, 234 p. ; |
| Dimensiones | 24 cm. |
| 490 1# - MENCIÓN DE SERIE | |
| Mención de serie | Ergebuisse der angewandten mathématik |
| 830 0# - PUNTO DE ACCESO ADICIONAL DE SERIE-TÍTULO UNIFORME | |
| Título uniforme | Ergebuisse der angewandten mathématik |
| 9 (RLIN) | 229635 |
| 852 ## - LOCALIZACIÓN | |
| Ubicación | ES-MaACL |
| Número de control de estantería | C-19194 |
| Sublocalización o colección | R.46963 |
| Estatus retirado | Estado de pérdida | Estado de daño | No para préstamo | Biblioteca de origen | Biblioteca actual | Ubicación en estantería | Fecha de adquisición | Fuente de adquisición | Total de préstamos | Signatura topográfica completa | Código de barras | Visto por última vez | Precio de reemplazo | Tipo de ítem Koha |
|---|---|---|---|---|---|---|---|---|---|---|---|---|---|---|
| Biblioteca del Ateneo de Madrid | Biblioteca del Ateneo de Madrid | Galería | 17/01/2008 | C-19194 | 1039291 | 23/02/2023 | 23/02/2023 | Libro impreso |
